Cities Starting With T by Clue - Statistics

General Stats
  • This quiz has been taken 18 times
  • The average score is 12 of 15
Answer Stats
Hint Answer % Correct
The capital of Japan Tokyo
100%
The name of a city in either Libya or Lebanon Tripoli
100%
Floridian city located on a bay of the same name Tampa
94%
The American embassy in this city was stormed in 1979 Tehran
94%
The largest city in Israel Tel Aviv
94%
Largest city in the Occitania region of France Toulouse
94%
The most populous city in Central Asia Tashkent
88%
2006 Winter Olympics host Turin
75%
The largest city in a country that is not a member of the United Nations Taipei
69%
Located just across the border from San Diego Tijuana
69%
The highest elevated capital city in Asia Thimphu
63%
A large port city close to Beijing Tianjin
63%
Formerly known as York, it was burned during the War of 1812 Toronto
56%
City in the Maghreb that was formerly an International Zone Tangier
50%
It used to be the second largest and wealthiest city in the Byzantine Empire Thessaloniki
44%
No matching quizzes found
Score Distribution
Percent of People with Each Score
Percentile by Number Answered
Your Score History
You have not taken this quiz